From an alternative to a dominant form of local political actors? Independent candidates in the Czech local elections in 2010–2018 (Record no. 529347)
[ view plain ]
| 000 -LEADER | |
|---|---|
| fixed length control field | 01524nam a22001457a 4500 |
| 008 - FIXED-LENGTH DATA ELEMENTS--GENERAL INFORMATION | |
| fixed length control field | 250317b ||||| |||| 00| 0 eng d |
| 100 ## - MAIN ENTRY--PERSONAL NAME | |
| Personal name | Kostelecky, T. Bernard, J. Mansfeldova, Z. and Mikesova, R. |
| 245 ## - TITLE STATEMENT | |
| Title | From an alternative to a dominant form of local political actors? Independent candidates in the Czech local elections in 2010–2018 |
| 260 ## - PUBLICATION, DISTRIBUTION, ETC. (IMPRINT) | |
| Place of publication, distribution, etc | Local Government Studies |
| 300 ## - PHYSICAL DESCRIPTION | |
| Extent | 50(5), Oct, 2024: p.827-849 |
| 520 ## - SUMMARY, ETC. | |
| Summary, etc | This article aims to contribute to the debate on the rise of independents in local politics and the underlying factors driving this trend in Europe by investigating the situation in Czechia, a post-communist country with a highly fragmented local government system. This study uses statistical analyses of electoral data from the 2010, 2014 and 2018 local elections to test the relevance of supply-side and demand-side explanations of the rise of independents. The analysis results show that the political strength of independents in Czech local elections has steadily increased during the last decade. Both tested theoretical models are valid but the effects of supply-side and demand-side factors are highly conditioned by municipalities’ population sizes.- Reproduced https://www.tandfonline.com/doi/full/10.1080/03003930.2023.2291111 |
| 650 ## - SUBJECT ADDED ENTRY--TOPICAL TERM | |
| Topical term or geographic name as entry element | Local elections, Czechia, independent candidates, Political parties, Fragmented settlement structure, Small municipalities Post-communist legacy. |
| 9 (RLIN) | 51330 |
| 773 ## - HOST ITEM ENTRY | |
| Main entry heading | Local Government Studies |
| 942 ## - ADDED ENTRY ELEMENTS (KOHA) | |
| Item type | Articles |
| Withdrawn status | Lost status | Source of classification or shelving scheme | Damaged status | Not for loan | Permanent location | Current location | Date acquired | Serial Enumeration / chronology | Barcode | Date last seen | Koha item type |
|---|---|---|---|---|---|---|---|---|---|---|---|
| Indian Institute of Public Administration | Indian Institute of Public Administration | 2025-03-17 | 50(5), Oct, 2024: p.827-849 | AR135362 | 2025-03-17 | Articles |
